00595nam a2200205Ia 4500003000400000005001700004008004100021020001800062040001800080041000800098082002100106100001600127245012300143250001200266260003400278300001300312650002200325650002300347650001900370OSt20240628145138.0210716s2017 xx 000 0 und d a9781510728400 cAIMIT LIBRARY aeng a374.22 21bRAKJ aRake, Jude. aBridge to growth : bhow servant leaders achieve better results and why it matters now more than ever /cBy Jude Rake. a1st ed. aNew York ;c2017.bSkyhorse , axxii,146 2Fire in the belly aThe havey lifiting aThe foundation